| 000 | 00634nam a2200217 a 4500 | ||
|---|---|---|---|
| 999 |
_c3677 _d3677 |
||
| 001 | 3677 | ||
| 003 | BD-JhCC | ||
| 005 | 20171116090716.0 | ||
| 008 | 171116s1974 bg |||| ||a| 000 0 ben d | ||
| 035 | _a(BD-JhCC)3677 | ||
| 040 |
_aBD-JhCC _dBD-JhCC |
||
| 041 | _aben | ||
| 082 |
_a891.4415 _bRAH 1974 |
||
| 100 | _aরাহমান, শামসুর | ||
| 245 |
_aনিজবাসভূমে / _cশামসুর রাহমান |
||
| 260 |
_aঢাকা : _bনওরোজ কিতাবিস্তান, _c1974. |
||
| 300 |
_a95 p. : _c21 cm. |
||
| 650 | _aBengali Poetry | ||
| 942 |
_2ddc _cBK |
||